Alle Länder Nordamerikas in 3 Minuten (mit Karte) - Statistiken

Allgemein
  • Dieses Quiz wurde 135 mal gespielt
  • Das Durchschnittsergebnis liegt bei 19 aus 23
Antworten auf der Karte
Die Antworten werden auf der Karte rot bzw. grün angezeigt, abhängig davon wie oft sie richtig erraten wurden.
 
Antwortstatistiken
Länder % Korrekt
Kanada
100%
Mexiko
100%
USA
99%
Honduras
93%
Kuba
91%
Panama
91%
Haiti
90%
Jamaika
90%
Dominikanische Republik
89%
Costa Rica
87%
Bahamas
85%
Nicaragua
83%
Belize
79%
Barbados
77%
Dominica
77%
El Salvador
77%
Guatemala
77%
St. Lucia
77%
St.Vincent und die Grenadinen
74%
St. Kitts und Nevis
71%
Trinidad und Tobago
71%
Grenada
66%
Antigua und Barbuda
65%
Keine übereinstimmenden Quizze gefunden
Verteilung der Resultate
Anzahl Personen mit jedem Resultat
Perzentil nach korrekt beantworteten Fragen
Ihre Resultats-Entwicklung
Sie haben dieses Quiz noch nicht gespielt